<?xml version="1.0" encoding="UTF-8"?>
<collection xmlns="http://www.loc.gov/MARC21/slim">
    <record>
        <controlfield tag="001">60931</controlfield>
        <controlfield tag="005">20210121114533.0</controlfield>
        <datafield tag="024" ind1="8" ind2=" ">
            <subfield code="2">sideral</subfield>
            <subfield code="a">98367</subfield>
        </datafield>
        <datafield tag="037" ind1=" " ind2=" ">
            <subfield code="a">ART-2015-98367</subfield>
        </datafield>
        <datafield tag="041" ind1=" " ind2=" ">
            <subfield code="a">spa</subfield>
        </datafield>
        <datafield tag="100" ind1=" " ind2=" ">
            <subfield code="a">Rubinsztejn Goldfarb, Gustavo</subfield>
        </datafield>
        <datafield tag="245" ind1=" " ind2=" ">
            <subfield code="a">Calidad y recomendación en educación superior: el rol de la experiencia del estudiante</subfield>
        </datafield>
        <datafield tag="260" ind1=" " ind2=" ">
            <subfield code="c">2015</subfield>
        </datafield>
        <datafield tag="506" ind1="0" ind2=" ">
            <subfield code="a">Access copy available to the general public</subfield>
            <subfield code="f">Unrestricted</subfield>
        </datafield>
        <datafield tag="520" ind1="3" ind2=" ">
            <subfield code="a">Las instituciones de educación superior deben gestionar eficaz y eficientemente sus procesos de captación de nuevos estudiantes, y con este objetivo necesitan mejorar su comprensión sobre los antecedentes que inciden en la intención de recomendarlas. Esta investigación se centra en el estudio de las componentes de la calidad de una universidad que pueden ser antecedentes de la intención de un estudiante de recomendarla. El enfoque adoptado integra las dimensiones de docencia y servicio, e incorpora al análisis la valoración global de la carrera, junto con la experiencia del estudiante. Para ello se construye una base de datos de 30.590 registros obtenidos de encuestas semestrales online en el período 2003-2011; anidados en 6.409 estudiantes de una universidad privada del Uruguay. La metodología se concreta en los modelos de ecuaciones simultáneas, con un enfoque multimuestra. Se concluye que las percepciones de calidad, servicio, docencia y carrera inciden positivamente en la intención de recomendar la universidad y que la variable experiencia modera dichas relaciones. Los hallazgos señalan la necesidad que tienen estas instituciones de innovar en la concepción del servicio educativo e incorporar la segmentación de los estudiantes según su experiencia.</subfield>
        </datafield>
        <datafield tag="536" ind1=" " ind2=" ">
            <subfield code="9">info:eu-repo/grantAgreement/ES/MINECO/ECO2013-48496-C4-3-R</subfield>
        </datafield>
        <datafield tag="540" ind1=" " ind2=" ">
            <subfield code="9">info:eu-repo/semantics/openAccess</subfield>
            <subfield code="a">by-nc</subfield>
            <subfield code="u">http://creativecommons.org/licenses/by-nc/3.0/es/</subfield>
        </datafield>
        <datafield tag="590" ind1=" " ind2=" ">
            <subfield code="a">0.219</subfield>
            <subfield code="b">2015</subfield>
        </datafield>
        <datafield tag="591" ind1=" " ind2=" ">
            <subfield code="a">ECOLOGY</subfield>
            <subfield code="b">147 / 150 = 0.98</subfield>
            <subfield code="c">2015</subfield>
            <subfield code="d">Q4</subfield>
            <subfield code="e">T3</subfield>
        </datafield>
        <datafield tag="592" ind1=" " ind2=" ">
            <subfield code="a">0.225</subfield>
            <subfield code="b">2015</subfield>
        </datafield>
        <datafield tag="593" ind1=" " ind2=" ">
            <subfield code="a">Multidisciplinary</subfield>
            <subfield code="c">2015</subfield>
            <subfield code="d">Q2</subfield>
        </datafield>
        <datafield tag="655" ind1=" " ind2="4">
            <subfield code="a">info:eu-repo/semantics/article</subfield>
            <subfield code="v">info:eu-repo/semantics/publishedVersion</subfield>
        </datafield>
        <datafield tag="700" ind1=" " ind2=" ">
            <subfield code="0">(orcid)0000-0001-9319-5895</subfield>
            <subfield code="a">Rivera Torres, María Pilar</subfield>
            <subfield code="u">Universidad de Zaragoza</subfield>
        </datafield>
        <datafield tag="700" ind1=" " ind2=" ">
            <subfield code="a">Grijalvo Martin, Mercedes</subfield>
        </datafield>
        <datafield tag="710" ind1="2" ind2=" ">
            <subfield code="1">4011</subfield>
            <subfield code="2">095</subfield>
            <subfield code="a">Universidad de Zaragoza</subfield>
            <subfield code="b">Dpto. Direc.Mark.Inves.Mercad.</subfield>
            <subfield code="c">Área Comerci.Investig.Mercados</subfield>
        </datafield>
        <datafield tag="773" ind1=" " ind2=" ">
            <subfield code="g">40, 12 (2015), 816-826</subfield>
            <subfield code="p">Interciencia</subfield>
            <subfield code="t">Interciencia</subfield>
            <subfield code="x">0378-1844</subfield>
        </datafield>
        <datafield tag="856" ind1="4" ind2="1">
            <subfield code="u">http://www.interciencia.org/v40_12/816.pdf</subfield>
            <subfield code="z">Texto completo de la revista</subfield>
        </datafield>
        <datafield tag="856" ind1="4" ind2=" ">
            <subfield code="s">426015</subfield>
            <subfield code="u">http://zaguan.unizar.es/record/60931/files/texto_completo.pdf</subfield>
            <subfield code="y">Versión publicada</subfield>
        </datafield>
        <datafield tag="856" ind1="4" ind2=" ">
            <subfield code="s">115494</subfield>
            <subfield code="u">http://zaguan.unizar.es/record/60931/files/texto_completo.jpg?subformat=icon</subfield>
            <subfield code="x">icon</subfield>
            <subfield code="y">Versión publicada</subfield>
        </datafield>
        <datafield tag="909" ind1="C" ind2="O">
            <subfield code="o">oai:zaguan.unizar.es:60931</subfield>
            <subfield code="p">articulos</subfield>
            <subfield code="p">driver</subfield>
        </datafield>
        <datafield tag="951" ind1=" " ind2=" ">
            <subfield code="a">2021-01-21-11:11:48</subfield>
        </datafield>
        <datafield tag="980" ind1=" " ind2=" ">
            <subfield code="a">ARTICLE</subfield>
        </datafield>
    </record>

    
</collection>